| 000 | 01505nmm a2200541 a 4500 | ||
|---|---|---|---|
| 003 | AR-BaBNM | ||
| 005 | 20251128204524.0 | ||
| 008 | 035019s1991 ||||||||||||||000 | spa|| | ||
| 020 | _a84-87303-07-2 | ||
| 040 | _cAR-BaBNM | ||
| 100 | 1 | _aVillanueva, Javier | |
| 245 | 1 | 0 |
_aDiccionario crítico de la autodeterminación _bpensamiento europeo |
| 260 |
_aDonostia _bGakoa Liburuak _c1991 |
||
| 300 | 0 | _a340 p. | |
| 500 | 0 | _aPrólogo de José Ignacio Lacasta Zabalza | |
| 500 | 0 | _aIndice alfabético: p. 329-340 | |
| 600 | 1 | 4 | _aBakunin, Mijail |
| 600 | 1 | 4 | _aFichte, Johann Gottlieb |
| 600 | 1 | 4 | _aHerder, J.G. |
| 600 | 1 | 4 | _aKant, Immanuel |
| 600 | 1 | 4 |
_aLenin, Vladimir Ilich _d1870-1924 |
| 600 | 1 | 4 | _aMancini, P.S. |
| 600 | 1 | 4 | _aMarx, Karl |
| 600 | 1 | 4 | _aEngels, Friedrich |
| 600 | 1 | 4 | _aMazzini, G. |
| 600 | 1 | 4 | _aMill, John Stuart |
| 600 | 1 | 4 | _aRenan, Renést |
| 600 | 1 | 4 | _aRousseau, Jean-Jacques |
| 600 | 1 | 4 | _aWilson, Woodrow |
| 650 | 4 | _aDICCIONARIOS | |
| 650 | 4 | _aSIGLO DIECIOCHO | |
| 650 | 4 | _aSIGLO DIECINUEVE | |
| 650 | 4 | _aSIGLO VEINTE | |
| 650 | 4 | _aFILOSOFOS | |
| 650 | 4 | _aFILOSOFIA POLITICA | |
| 650 | 4 | _aBIOGRAFIAS | |
| 650 | 4 | _aHISTORIA EUROPEA | |
| 650 | 4 | _aHISTORIA CULTURAL | |
| 650 | 4 | _aHISTORIA DE LA FILOSOFIA | |
| 650 | 4 | _aHISTORIA POLITICA | |
| 650 | 4 | _aDERECHOS HUMANOS | |
| 650 | 4 | _aMOVIMIENTOS REVOLUCIONARIOS | |
| 650 | 4 | _aPROBLEMAS SOCIALES | |
| 651 | 4 | _aEuropa | |
| 653 | 0 | _aREVOLUCION FRANCESA | |
| 942 | _cBK | ||
| 998 | _cEthel | ||
| 999 |
_c7766 _d7766 |
||